书目信息 |
| 题名: |
法律与道德
|
|
| 作者: | 李春秋 , 刘亚平 主编 | |
| 分册: | ||
| 出版信息: | 北京 高等教育出版社 1999.07 |
|
| 页数: | 399页 | |
| 开本: | 20cm | |
| 丛书名: | ||
| 单 册: | ||
| 中图分类: | B82 | |
| 科图分类: | ||
| 主题词: | 伦理学 | |
| 电子资源: | ||
| ISBN: | 7-04-007102-9 | |
| 000 | 00631nam0 2200217 450 | |
| 001 | 0656274040 | |
| 005 | 20171110152337.37 | |
| 010 | @a7-04-007102-9@dCNY15.10 | |
| 100 | @a20061225d1999 km y0chiy0120 ea | |
| 101 | 0 | @achi |
| 102 | @aCN@b110000 | |
| 200 | 1 | @a法律与道德@Afa lu yu dao de@f李春秋,刘亚平主编@Fli chun qiu,liu ya ping zhu bian |
| 210 | @a北京@c高等教育出版社@d1999.07 | |
| 215 | @a399页@d20cm | |
| 300 | @a全国成人高等教育规划教材 | |
| 606 | 0 | @a伦理学 |
| 690 | @aB82@v3 | |
| 701 | 0 | @a李春秋@Ali chun qiu@4主编 |
| 701 | 0 | @a刘亚平@Aliu ya ping@4主编 |
| 801 | 0 | @aCN@bNISOFT@c20061225 |
| 905 | @a10447@dB82@eL135 | |
| 法律与道德/李春秋,刘亚平主编.-北京:高等教育出版社,1999.07 |
| 399页;20cm |
| 全国成人高等教育规划教材 |
| ISBN 7-04-007102-9:CNY15.10 |
| ● |
| 相关链接 |
|
|
|
正题名:法律与道德
索取号:B82/L135
 
预约/预借
| 序号 | 登录号 | 条形码 | 馆藏地/架位号 | 状态 | 备注 |
| 1 | 1308548 | 213085481 | 社科库509/509社科库 20排4列3层/ [索取号:B82/L135] | 在馆 | |
| 2 | 444756 | 204447562 | 能源与建筑环境工程学院资料室/ [索取号:B82/L135] | 在馆 | |
| 3 | 444757 | 204447571 | 能源与建筑环境工程学院资料室/ [索取号:B82/L135] | 在馆 |